| 000 | 00688nam a22002057a 4500 | ||
|---|---|---|---|
| 999 |
_c1696 _d1696 |
||
| 003 | AR-CdUCM | ||
| 008 | 190227b ||||| |||| 00| 0 spa d | ||
| 040 |
_aMUNICIPALIDAD PROVINCIAL DEL CUSCO _cBIBLIOTECA MUNICIPAL DEL CUSCO |
||
| 082 |
_a869.557 / _bG69 |
||
| 100 |
_aGonzález Prada, Manuel _9638 |
||
| 245 | _aBaladas peruanas / | ||
| 260 |
_aLima : _bEdiciones de la biblioteca universitaria, Editorial jurídica, _c1966. |
||
| 300 |
_a120 páginas ; _c18 cm. |
||
| 505 | _aKon -- Tiahuanaco -- Origen del Rimac -- Origen de los incas ... | ||
| 650 |
_aCusco. _9772 |
||
| 650 |
_aPerú. _935 |
||
| 650 |
_aPoesía peruana. _9806 |
||
| 942 |
_2ddc _cLIBROS |
||
| 945 |
_amvr _d2019-02-27 |
||